ZIP Code Areas by State - Statistics

General Stats
  • This quiz has been taken 123 times
  • The average score is 27 of 59
Answer Stats
State/Territory Answer % Correct
California 900-961
76%
Alaska 995-999
67%
New York 005, 100-149
62%
Massachusetts 010-027
60%
Connecticut 060-069
60%
Alabama 350-369
60%
Maine 039-049
59%
Florida 320-339, 341-349
59%
District of Columbia 200, 569
57%
Colorado 800-819
57%
Arizona 850-869
57%
Hawaii 967-968
57%
New Jersey 070-089
56%
Delaware 197-199
56%
Georgia 300-319, 398-399
56%
New Hampshire 030-038
54%
Vermont 050-059
52%
Pennsylvania 150-196
52%
Illinois 600-629
52%
Washington 980-994
51%
Oregon 970-979
49%
Rhode Island 028-029
47%
Maryland 206-219
47%
North Carolina 270-289
46%
Minnesota 550-567
46%
Virginia 201, 220-246
45%
Kansas 660-679
45%
Nevada 889-899
45%
Indiana 460-479
44%
Wisconsin 530-549
44%
Idaho 832-839
44%
Tennessee 370-385
43%
Kentucky 400-429
43%
Texas 750-799, 885
43%
Mississippi 386-397
42%
Ohio 430-459
42%
Michigan 480-499
42%
Iowa 500-529
42%
Wyoming 820-831
42%
New Mexico 870-884
41%
West Virginia 247-269
40%
South Carolina 290-299
40%
Arkansas 716-729
40%
North Dakota 580-589
39%
Nebraska 680-699
39%
Utah 840-849
39%
American Samoa 967
39%
Missouri 630-659
38%
Louisiana 700-715
38%
Oklahoma 730-749
38%
Federal Government 202-205
37%
South Dakota 570-579
37%
Montana 590-599
37%
Puerto Rico 006-007, 009
25%
Pacific Territories 969
24%
U.S. Virgin Islands 008
19%
Armed Forces Pacific 962-966
19%
Armed Forces Europe 091-098
18%
Armed Forces Americas 340
18%
No matching quizzes found
Score Distribution
Percent of People with Each Score
Percentile by Number Answered
Your Score History
You have not taken this quiz